Flagships of imperialism the P & O Company and the politics of empire from its origins to 1867 /

Bibliographic Details
Main Author: Harcourt, Freda.
Corporate Author: ProQuest (Firm)
Format: Electronic eBook
Language:English
Published: Manchester : Manchester University Press, 2006.
Series:Studies in imperialism
Subjects:
Online Access:Click to View
LEADER 01685nam a2200433 a 4500
001 EBC1069558
003 MiAaPQ
005 20200520144314.0
006 m o d |
007 cr cn|||||||||
008 121129s2006 enk sb 001 0 eng d
020 |z 0719073936 (hardback) 
020 |z 9780719073939 
020 |a 9781847791450 (electronic bk.) 
035 |a (MiAaPQ)EBC1069558 
035 |a (Au-PeEL)EBL1069558 
035 |a (CaPaEBR)ebr10623306 
035 |a (CaONFJC)MIL843672 
035 |a (OCoLC)818847269 
040 |a MiAaPQ  |c MiAaPQ  |d MiAaPQ 
043 |a e-uk--- 
050 4 |a HE945.P7  |b H37 2006 
100 1 |a Harcourt, Freda. 
245 1 0 |a Flagships of imperialism  |h [electronic resource] :  |b the P & O Company and the politics of empire from its origins to 1867 /  |c Freda Harcourt. 
260 |a Manchester :  |b Manchester University Press,  |c 2006. 
300 |a ix, 245 p. 
440 0 |a Studies in imperialism 
504 |a Includes bibliographical references and index. 
533 |a Electronic reproduction. Ann Arbor, MI : ProQuest, 2015. Available via World Wide Web. Access may be limited to ProQuest affiliated libraries. 
610 2 0 |a Peninsular and Oriental Steam Navigation Company  |x History. 
650 0 |a Ocean liners  |z Great Britain  |x History. 
650 0 |a Ferries  |z Great Britain  |x History. 
650 0 |a Ocean travel  |x History  |y 19th century. 
650 0 |a Ocean travel  |x History  |y 20th century. 
650 0 |a Imperialism  |x History. 
651 0 |a Great Britain  |x Foreign relations. 
655 4 |a Electronic books. 
710 2 |a ProQuest (Firm) 
856 4 0 |u https://ebookcentral.proquest.com/lib/matrademy/detail.action?docID=1069558  |z Click to View